Gaming Quiz

Random Gaming or Pokémon Quiz

Gen 1 and 2 Quiz Stats

 Plays Quiz not verified by Sporcle

Challenge
Share
Tweet
Embed
Score 0/250 Timer 20:00
0 Plays Today
Dex # Pokemon % Correct
1Bulbasaur
98.4%
2Ivysaur
96.1%
3Venusaur
96.1%
4Charmander
96.1%
5Charmeleon
96.1%
18Pidgeot
96.1%
6Charizard
95.3%
7Squirtle
95.3%
8Wartortle
95.3%
13Weedle
95.3%
14Kakuna
95.3%
15Beedrill
95.3%
9Blastoise
94.5%
10Caterpie
94.5%
11Metapod
94.5%
12Butterfree
94.5%
16Pidgey
94.5%
17Pidgeotto
94.5%
25Pikachu
93.7%
21Spearow
92.9%
22Fearow
92.1%
26Raichu
92.1%
23Ekans
91.3%
24Arbok
91.3%
19Rattata
90.6%
20Raticate
90.6%
35Clefairy
89.8%
36Clefable
89.8%
92Gastly
89.8%
39Jigglypuff
89%
93Haunter
89%
124Jynx
89%
151Mew
89%
40Wigglytuff
88.2%
74Geodude
88.2%
94Gengar
88.2%
150Mewtwo
88.2%
37Vulpix
87.4%
63Abra
87.4%
75Graveler
87.4%
140Kabuto
87.4%
143Snorlax
87.4%
145Zapdos
87.4%
146Moltres
87.4%
29Nidoran
86.6%
32Nidoran
86.6%
43Oddish
86.6%
64Kadabra
86.6%
106Hitmonlee
86.6%
107Hitmonchan
86.6%
125Electabuzz
86.6%
126Magmar
86.6%
144Articuno
86.6%
147Dratini
86.6%
30Nidorina
85.8%
33Nidorino
85.8%
38Ninetales
85.8%
44Gloom
85.8%
58Growlithe
85.8%
76Golem
85.8%
95Onix
85.8%
129Magikarp
85.8%
138Omanyte
85.8%
141Kabutops
85.8%
148Dragonair
85.8%
27Sandshrew
85%
28Sandslash
85%
31Nidoqueen
85%
34Nidoking
85%
65Alakazam
85%
66Machop
85%
81Magnemite
85%
109Koffing
85%
133Eevee
85%
149Dragonite
85%
152Chikorita
85%
45Vileplume
84.3%
46Paras
84.3%
50Diglett
84.3%
56Mankey
84.3%
59Arcanine
84.3%
60Poliwag
84.3%
67Machoke
84.3%
68Machamp
84.3%
Dex # Pokemon % Correct
86Seel
84.3%
100Voltorb
84.3%
101Electrode
84.3%
130Gyarados
84.3%
131Lapras
84.3%
134Vaporeon
84.3%
135Jolteon
84.3%
136Flareon
84.3%
142Aerodactyl
84.3%
57Primeape
83.5%
61Poliwhirl
83.5%
110Weezing
83.5%
139Omastar
83.5%
155Cyndaquil
83.5%
47Parasect
82.7%
62Poliwrath
82.7%
72Tentacool
82.7%
77Ponyta
82.7%
82Magneton
82.7%
87Dewgong
82.7%
158Totodile
82.7%
48Venonat
81.9%
69Bellsprout
81.9%
73Tentacruel
81.9%
78Rapidash
81.9%
123Scyther
81.9%
250Ho-Oh
81.9%
51Dugtrio
81.1%
113Chansey
81.1%
116Horsea
81.1%
153Bayleef
81.1%
49Venomoth
80.3%
79Slowpoke
80.3%
90Shellder
80.3%
117Seadra
80.3%
41Zubat
79.5%
52Meowth
79.5%
70Weepinbell
79.5%
71Victreebell
79.5%
80Slowbro
79.5%
91Cloyster
79.5%
96Drowzee
79.5%
118Goldeen
79.5%
122Mr. Mime
79.5%
240Magby
79.5%
249Lugia
79.5%
42Golbat
78.7%
54Psyduck
78.7%
97Hypno
78.7%
111Rhyhorn
78.7%
120Staryu
78.7%
132Ditto
78.7%
55Golduck
78%
172Pichu
78%
174Igglybuff
78%
245Suicune
78%
53Persian
77.2%
112Rhydon
77.2%
119Seaking
77.2%
121Starmie
77.2%
128Tauros
77.2%
163Hoothoot
77.2%
173Cleffa
77.2%
239Elekid
77.2%
83Farfetch'd
76.4%
88Grimer
76.4%
102Exeggcute
76.4%
137Porygon
76.4%
164Noctowl
76.4%
230Kingdra
76.4%
244Entei
76.4%
248Tyranitar
76.4%
89Muk
75.6%
159Croconaw
75.6%
169Crobat
75.6%
208Steelix
75.6%
243Raikou
75.6%
104Cubone
74.8%
127Pinsir
74.8%
179Mareep
74.8%
237Hitmontop
74.8%
85Dodrio
74%
161Sentret
74%
236Tyrogue
74%
Dex # Pokemon % Correct
246Larvitar
74%
84Doduo
73.2%
105Marowak
73.2%
115Kangaskhan
73.2%
156Quilava
73.2%
175Togepi
73.2%
242Blissey
73.2%
114Tangela
72.4%
157Typhlosion
72.4%
212Scizor
72.4%
247Pupitar
72.4%
98Krabby
71.7%
162Furret
71.7%
168Ariados
71.7%
180Flaaffy
71.7%
228Houndour
71.7%
229Houndoom
70.9%
238Smoochum
70.9%
99Kingler
70.1%
108Lickitung
70.1%
186Politoed
70.1%
197Umbreon
70.1%
199Slowking
70.1%
182Bellossom
69.3%
196Espeon
69.3%
160Feraligatr
68.5%
154Meganium
67.7%
167Spinarak
67.7%
170Chinchou
66.9%
176Togetic
66.9%
171Lanturn
66.1%
165Ledyba
65.4%
227Skarmory
64.6%
178Xatu
63.8%
181Ampharos
63.8%
203Girafarig
63.8%
233Porygon2
63.8%
241Miltank
63.8%
177Natu
63%
198Murkrow
63%
221Piloswine
63%
214Heracross
61.4%
225Delibird
61.4%
226Mantine
61.4%
166Ledian
60.6%
220Swinub
60.6%
103Exeggcutor
59.8%
185Sudowoodo
59.8%
183Marill
59.1%
189Jumpluff
59.1%
201Unown
59.1%
187Hoppip
58.3%
194Wooper
58.3%
200Misdreavus
58.3%
215Sneasel
57.5%
184Azumarill
56.7%
188Skiploom
56.7%
195Quagsire
56.7%
209Snubbull
56.7%
218Slugma
56.7%
219Magcargo
56.7%
210Granbull
55.9%
232Donphan
55.9%
234Stantler
55.9%
191Sunkern
54.3%
224Octillery
54.3%
231Phanpy
53.5%
211Qwilfish
52.8%
213Shuckle
52.8%
223Remoraid
52.8%
193Yanma
52%
204Pineco
52%
207Gligar
52%
222Corsola
52%
192Sunflora
51.2%
216Teddiursa
51.2%
202Wobbuffet
50.4%
235Smeargle
50.4%
206Dunsparce
47.2%
217Ursaring
47.2%
205Forretress
46.5%
190Aipom
38.6%

You're not logged in!

Compare scores with friends on all Sporcle quizzes.
OR
Log In

You Might Also Like...

Show Comments

Extras

Top Quizzes Today


Score Distribution

Your Account Isn't Verified!

In order to create a playlist on Sporcle, you need to verify the email address you used during registration. Go to your Sporcle Settings to finish the process.

Report this User

Report this user for behavior that violates our Community Guidelines.

Details: